| 000 -ლიდერი |
| ფიქსირებული სიგრძის საკონტროლო ველი |
01487nam a2200253Ia 4500 |
| 001 - საკონტროლო ნომერი |
| საკონტროლო ველი |
16143 |
| 003 - საკონტროლო ნომრის იდენტიფიკატორი |
| საკონტროლო ველი |
GE_BSU |
| 005 - ბოლო ოპერაციის თარიღი და დრო |
| საკონტროლო ველი |
20241217163153.0 |
| 008 - ფიქსირებული სიგრძის მონაცემთა ელემენტები - ზოგადი ინფორმაცია |
| ფიქსირებული სიგრძის საკონტროლო ველი |
181216s2015||||ge |||||||||||||| ||geo|| |
| 040 ## - კატალოგიზაციის წყარო |
| Transcribing agency |
GE_BSU |
| 041 ## - ენის კოდი |
| Language code of text/sound track or separate title |
geo |
| 080 ## - უნივერსალური ათობითი კლასიფიკაციის ინდექსი |
| Universal Decimal Classification number |
629.113 ფ-98 |
| 100 ## - მთავარი ჩანაწერი - პიროვნების სახელი |
| Personal name |
ფუტკარაძე, ზ. |
| 9 (RLIN) |
23910 |
| 245 ## - ცნობა სათაურის შესახებ |
| Title |
ტრაქტორების კონსტრუქცია : საზღვარგარეთული ტრაქტორების კონსტრუქციული თავისებურებები : |
| Remainder of title |
[სახელმძღვ.] / |
| Statement of responsibility, etc |
ზ. ფუტკარაძე, რ. მარგალიტაძე ; რედ. ელგუჯა შაფაქიძე. |
| 264 ## - წარმოების, გამოცემის, დისტრიბუციის და სხვა ცნობები |
| გამოცემის, წარმოების, დისტრიბუციის... ადგილი |
ბათუმი : |
| გამოცემის, წარმოების, დისტრიბუციის... სახელწოდება |
[?], |
| გამოცემის, წარმოების, დისტრიბუციის... თარიღი |
2015. |
| 300 ## - ფიზიკური აღწერა |
| Extent |
237 გვ. : |
| Other physical details |
ილ. ; |
| Dimensions |
21 სმ. |
| 500 ## - ზოგადი შენიშვნა |
| General note |
სახელმძღვანელო შედგენილია გაეროს განვითარების პროგრამის (UNDP) ხელშეწყობითა და დაფინანსებით |
| 504 ## - BIBLIOGRAPHY, ETC. NOTE |
| Bibliography, etc |
ბიბლიოგრ. : გვ. 230-232
|
| 653 ## - INDEX TERM--UNCONTROLLED |
| Uncontrolled term |
ტექნიკა |
| 653 ## - INDEX TERM--UNCONTROLLED |
| Uncontrolled term |
ტრაქტორების კონსტრუქცია |
| 700 ## - ADDED ENTRY--PERSONAL NAME |
| Personal name |
მარგალიტაძე, რომან |
| Relator term |
ავტორი |
| 9 (RLIN) |
23109 |
| 700 ## - ADDED ENTRY--PERSONAL NAME |
| Personal name |
შაფაქიძე, ელგუჯა |
| Relator term |
რედაქტორი |
| 9 (RLIN) |
16748 |
| 942 ## - ADDED ENTRY ELEMENTS (KOHA) |
| Koha item type |
წიგნი |
| Source of classification or shelving scheme |
|